Φορτώνει......

Bhasha vijnanam (m)

Λεπτομέρειες βιβλιογραφικής εγγραφής
Κύριος συγγραφέας: Balakrishnan, B C
Μορφή: Printed Book
Έκδοση: B C Balakrishnan 1974
Θέματα:
LEADER 00436nam a2200157 4500
082 |a 407 BAL-B 
100 |a Balakrishnan, B C 
245 |a Bhasha vijnanam (m) 
250
260 |b B C Balakrishnan  |c 1974 
300
490
650 |a Language - Study & teaching 
942 |c BK 
999 |c 223173  |d 223173 
952 |0 0  |1 0  |4 0  |6 407_000000000000000_BALB  |7 0  |9 237306  |a SDE  |b SDE  |d 2019-12-12  |l 0  |o 407 BAL-B  |p SDE2460  |r 2019-12-12  |w 2019-12-12  |y BK